पीपल (Record no. 306450)

MARC details
000 -LEADER
fixed length control field 01124nam a2200241Ia 4500
003 - CONTROL NUMBER IDENTIFIER
control field OSt
005 - DATE AND TIME OF LATEST TRANSACTION
control field 20220923212116.0
008 - FIXED-LENGTH DATA ELEMENTS--GENERAL INFORMATION
fixed length control field 220922b |||||||| |||| 00| 0 hin d
037 ## - SOURCE OF ACQUISITION
Terms of availability Textual
040 ## - CATALOGING SOURCE
Original cataloging agency ARTS
Transcribing agency ARTS
Language of cataloging hin
041 ## - LANGUAGE CODE
Source of code hin
Language code of text/sound track or separate title hin
100 ## - MAIN ENTRY--PERSONAL NAME
Personal name बेदी, रामेश
245 #0 - TITLE STATEMENT
Title पीपल
Remainder of title पीपल वृक्ष की छाल पत्त्ेा दूघ आदि की विविध रोगो मे तथा उद्योग धन्धो में उपयोग करने के विस्तृत और प्रामाणिक विवरण
246 ## - VARYING FORM OF TITLE
Title proper/short title Pīpala: pīpal vṛukṣha kī chhāl patteā dūgh ādi kī vividh rogo me tathā udyog dhandho mean upayog karane ke vistṛut aur prāmāṇik vivaraṇa
260 ## - PUBLICATION, DISTRIBUTION, ETC.
Date of publication, distribution, etc. 1962
490 ## - SERIES STATEMENT
Series statement भारतीय द्रव्यगुण ग्रंथमाला
942 ## - ADDED ENTRY ELEMENTS (KOHA)
Classification part LA:638873, 152K21
Koha item type Textual
Source of classification or shelving scheme Colon Classification (CC)
Holdings
Withdrawn status Lost status Damaged status Not for loan Home library Current library Date acquired Total Checkouts Full call number Barcode Date last seen Price effective from Koha item type
        Arts Library Arts Library 2022-09-23   LA:638873 152K21 AL0166033 2022-09-23 2022-09-23 Textual
Copyright @ Delhi University Library System